| 000 | 01751nam a2200313Ia 4500 | ||
|---|---|---|---|
| 999 |
_c55364 _d55364 |
||
| 001 | 22442 | ||
| 003 | GE_BSU | ||
| 005 | 20230310161840.0 | ||
| 008 | 181216s||||||||xx |||||||||||||| ||und|| | ||
| 020 | _a9789941427947 | ||
| 040 | _cGE_BSU | ||
| 080 | _a821.222.1-1 | ||
| 100 |
_aრუმი, ჯალალ ედ-დინ _917171 |
||
| 245 |
_aყაზალები, რობაიები, იგავები "ღრმააზროვანი პოემიდან" სპარსულ-ქართული ლექსიკონით / _cწიგნი მოამზადა, სპარს. ტესტები თარგმ. და ლექსიკონი შეადგინა ა. ელერდაშვილმა. |
||
| 264 |
_aთბილისი, _c2014. |
||
| 300 |
_a119 გვ. ; _c28 სმ. |
||
| 490 |
_aმთარგმნელის ბიბლიოთეკა _v N 5 |
||
| 500 | _aგარეკანის პირველ და ბოლო გვერდებზე - ჯალალ ედ-დინი რუმის ძეგლი და მავზოლეუმი თურქეთის ქალაქ კონიაში | ||
| 500 | _aსპარსულ-ქართული ლექსიკონი გვ. : 101-117 | ||
| 541 | _h9 ლ. | ||
| 653 | _aმხატვრული ლიტერატურა | ||
| 653 | _a ფოლკლორი | ||
| 653 | _aსაზღვარგარეთის ლიტერატურა | ||
| 653 | _aრჩეული ლირიკა | ||
| 653 | _aყაზალები | ||
| 653 | _aრობაიები | ||
| 653 | _a იგავები | ||
| 942 |
_cBK _2udc |
||